LEADER 01965nam 2200445 450 001 9910466510603321 005 20200121121427.0 010 $a2-335-07711-2 035 $a(CKB)3790000000024512 035 $a(EBL)2087786 035 $a(MiAaPQ)EBC2087786 035 $a(Au-PeEL)EBL2087786 035 $a(OCoLC)914149124 035 $a(EXLCZ)993790000000024512 100 $a20200121d2015 uy 0 101 0 $afre 135 $aur|n|---||||| 181 $ctxt$2rdacontent 182 $cc$2rdamedia 183 $acr$2rdacarrier 200 12$aL'Illustre Gaudissart /$fHonore de Balzac 210 1$a[Place of publication not identified] :$cLigaran,$d2015. 215 $a1 online resource (60 p.) 300 $aDescription based upon print version of record. 327 $aCouverture; Page de Copyright; Page de titre; L'Illustre Gaudissart 330 $a Extrait : ""Le Commis-Voyageur, personnage inconnu dans l'antiquite?, n'est-il pas une des plus curieuses figures cre?e?es par les moeurs de l'e?poque actuelle ? n'est-il pas destine?, dans un certain ordre des choses, a? marquer la grande transition qui, pour les observateurs, soude le temps des exploitations mate?rielles au temps des exploitations intellectuelles.""A? PROPOS DES E?DITIONS LIGARANLes e?ditions LIGARAN proposent des versions nume?riques de qualite? de grands livres de la litte?rature classique mais e?galement des livres rares en partenariat avec la BNF. Beaucoup de soins sont apporte?s a? ce 606 $aShort stories, French 606 $aShort stories, French$y19th century 608 $aElectronic books. 615 0$aShort stories, French. 615 0$aShort stories, French 676 $a843.0108 700 $aBalzac$b Honore? de$f1799-1850,$0384773 801 0$bMiAaPQ 801 1$bMiAaPQ 801 2$bMiAaPQ 906 $aBOOK 912 $a9910466510603321 996 $aL'Illustre Gaudissart$92269936 997 $aUNINA LEADER 03067nam 2200493 450 001 9910828225503321 005 20210204202323.0 010 $a1-5099-1732-2 010 $a1-5099-1730-6 024 7 $a10.5040/9781509917327 035 $a(CKB)4100000008870777 035 $a(MiAaPQ)EBC6185789 035 $a(OCoLC)1090985460 035 $a(Au-PeEL)EBL6185789 035 $a(OCoLC)1150159819 035 $a(UkLoBP)bpp9781509917327 035 $a(EXLCZ)994100000008870777 100 $a20210204d2019 fy| | 101 0 $aeng 135 $aur||||||||||| 181 $ctxt$2rdacontent 182 $cc$2rdamedia 183 $acr$2rdacarrier 200 10$aDigital copyright $elaw and practice /$fSimon Stokes 205 $aFifth edition. 210 1$aOxford :$cHart Publishing,$d2019. 215 $a1 online resource (lvi, 298 pages) 300 $aPrevious edition: 2014. 311 $a1-5099-1729-2 320 $aIncludes bibliographical references and index. 327 $aWhy digital copyright matters -- Digital copyright: the basics -- Digital database law and the internet -- Digital moral rights : the basics -- Digital rights and competition Law -- Software copyright -- Digital copyright and e-commerce -- Digital copyright: from Web 2.0 to blockchain -- Protecting and managing your digital copyright assets. 330 $aThe first edition of this book in 2002 was the first UK text to examine digital copyright together with related areas such as performers' rights, moral rights, database rights and competition law as a subject in its own right. Now in its fifth edition, the book has been substantially updated and revised to take account of legal and policy developments in copyright law and related areas, the new UK copyright exceptions, recent CJEU cases, the regulation of Collective Management Organisations, orphan works, and developments in EU copyright legislation and the EU's Digital Single Market Strategy. It also contains new sections on big data and data mining, the impact of artificial intelligence and blockchain on copyright, and the future for UK copyright after Brexit. The book helps put digital copyright law and policy into perspective and provides practical guidance for those creating or exploiting digital content or technology, whether in academia, the software, information, publishing and creative industries, or other areas of the economy. The focus of Digital Copyright is on the specifics of the law in this area together with practical aspects. Both academics and practitioners will find the book an invaluable guide to this ever-expanding field of law. 606 $aCopyright and electronic data processing$zGreat Britain 606 $aCopyright, International 615 0$aCopyright and electronic data processing 615 0$aCopyright, International. 676 $a346.410482 700 $aStokes$b Simon$f1963-$0824764 801 0$bUkLoBP 801 1$bUkLoBP 906 $aBOOK 912 $a9910828225503321 996 $aDigital copyright$91834471 997 $aUNINA